[Event "Vidmar Memorial 15th"]
[Site "Terme Zrece"]
[Date "2003.08.24"]
[Round "7"]
[White "Sutovsky, Emil"]
[Black "Sermek, Drazen"]
[Result "1-0"]
[WhiteElo "2639"]
[BlackElo "2577"]
[Annotator "Ftacnik,L"]
[PlyCount "87"]
[EventDate "2003.08.17"]
[EventType "tourn"]
[EventRounds "9"]
[EventCountry "SLO"]
[EventCategory "12"]
[SourceTitle "CBM 097"]
[Source "ChessBase"]
[SourceDate "2003.11.11"]
[SourceVersion "1"]
[SourceVersionDate "2003.11.11"]
[SourceQuality "1"]

1. e4 d5 2. exd5 Qxd5 3. Nc3 Qd6 4. d4 Nf6 5. Nf3 a6 6. g3 b5 7. Bg2 Bb7 8. O-O
e6 9. Bf4 Qb6 10. a4 Bd6 11. Be3 b4 12. a5 Qa7 (12... Qc6 13. Nh4 Qc4 (13...
Nd5 14. Nxd5 exd5 15. Nf5 O-O 16. Bh6 $18) 14. Bxb7 Ra7 15. Bg2 bxc3 16. b3 $16
) 13. d5 Bc5 14. dxe6 $1 {[%mdl 512] Sutovsky have very correctly guessed the
potential of the attack after the piece sacrifice, Sermek will pay dearly for
the unfinished development.} (14. Nd4 bxc3 15. b4 Bxd5 16. Bxd5 Nxd5 17. bxc5
O-O $17) 14... Bxe3 (14... fxe6 15. Bxc5 Qxc5 16. Na4 (16. Na2 O-O 17. Qe1 Nc6
18. Qxe6+ Kh8 19. c3 bxc3 20. Nxc3 Nxa5 $11) 16... Qxa5 17. Qe1 O-O 18. Qxe6+
Kh8 19. Ne5 $14) 15. exf7+ Kxf7 (15... Ke7 16. Re1 $16) 16. Ne5+ (16. Na4 Bc5
17. Ne5+ Ke8 18. Nxc5 Bxg2 19. Re1 $18) 16... Ke7 (16... Ke6 17. Bxb7 Qxb7 18.
Re1 bxc3 (18... Kxe5 19. Rxe3+ Kf5 20. Qd3+ Kg5 21. Re5+ Kh6 22. Qf5 $18) 19.
Rxe3 Re8 20. bxc3 $14) 17. Bxb7 Qxb7 (17... bxc3 18. Bxa8 cxb2 19. Rb1 Qxa8 20.
fxe3 $18) 18. Qd3 $1 bxc3 {The black king on e7 is a source of a great
suffering for the defender while the board is full of pieces. For his
protection black needs loads of time and energy.} (18... Bc5 19. Rae1 $1 (19.
Qc4 $2 Nbd7 20. Rfe1 bxc3 21. Nf7+ Kf8 22. Nxh8 Qd5 $19) 19... bxc3 (19... Re8
20. Nd7+ Kf7 21. Nxc5 $18) 20. Nc6+ Kf8 (20... Kf7 21. Qc4+ Kg6 22. Ne5+ $18)
21. Qd8+ Kf7 22. Ne5+ Ke6 23. Ng6+ $18) 19. Qxe3 Nbd7 (19... cxb2 $2 20. Nc6+
$1 Kf7 (20... Kd7 21. Rad1+ Kxc6 22. Qf3+ $18) 21. Qe7+ Kg6 22. Ne5+ Kf5 23.
Ra4 g5 24. g4+ Nxg4 25. Nxg4 $18) (19... Re8 20. Qc5+ Ke6 21. Rae1 cxb2 22. f4
$16) 20. Nxd7+ (20. Ng6+ Kf7 21. Nxh8+ Rxh8 22. Qxc3 $14) 20... Kxd7 21. Rfd1+
Kc8 (21... Kc6 22. Qf3+ $18) (21... Nd5 22. Qe5 Rae8 (22... c6 23. Qxg7+ $18)
23. Rxd5+ Kc8 24. Qf5+ $18) 22. Qe6+ Kb8 23. Ra3 $1 {The rook will cause a
great havoc on the third rank.} (23. bxc3 $2 Re8 24. Qf5 Qc6 $17) 23... Re8 24.
Qf5 cxb2 (24... Qc6 25. Rb3+ Ka7 26. Rxc3 Qb5 (26... Qb7 27. Qc5+ Kb8 28. Rb3
$18) 27. Rxc7+ Kb8 28. Rc5 $16) 25. Rb3 Ra7 (25... Qxb3 26. cxb3 Kb7 27. Rb1
$18) 26. Qd3 (26. Rb1 Ka8 27. Rxb7 Rxb7 28. Qd3 $18) 26... Ka8 27. Rxb7 Rxb7
28. Rb1 (28. Qxa6+ Kb8 29. Rb1 Re5 30. c3 Reb5 31. Kg2 $18) 28... Rb5 {Black
would gladly support his mighty pawn on b2 with additional pieces,
unfortunatelly he has to think also about the defense.} (28... Ka7 29. Qd4+ Ka8
30. Rxb2 c5 31. Qc3 $18) 29. Qc3 Reb8 (29... Re7 30. Rxb2 $18) 30. Qxc7 R8b7
31. Qd6 Ka7 (31... Rxa5 $4 32. Qd8+ $18) 32. c4 Rb4 (32... Rxa5 $2 33. Qd4+ Kb8
34. Qd8+ $18) 33. Qd4+ Ka8 34. Kg2 h5 35. h3 Rb8 (35... Rb3 36. c5 $18) 36. Qd6
Ka7 37. Qc5+ Ka8 38. Qd6 Ka7 39. Qe7+ R8b7 (39... Ka8 40. Qxg7 $18) 40. Qe3+
Ka8 41. c5 {The march of the c pawn will decide the game in white's favour.}
Rc4 (41... R4b5 42. c6 Rc7 43. Qa3 Rxc6 44. Rxb2 $18) 42. Qe6 Rc1 43. c6 $1 Rb4
44. Qc8+ 1-0

[Event "New York CITS"]
[Site "New York"]
[Date "1996.??.??"]
[Round "7"]
[White "De Firmian, Nick E"]
[Black "Waitzkin, Joshua"]
[Result "1-0"]
[WhiteElo "2595"]
[BlackElo "2435"]
[Annotator "Ftacnik,L"]
[PlyCount "57"]
[EventDate "1996.03.??"]
[EventType "tourn"]
[EventRounds "11"]
[EventCountry "USA"]
[EventCategory "13"]
[SourceTitle "CBM 052"]
[Source "ChessBase"]
[SourceDate "1996.06.01"]
[SourceVersion "1"]
[SourceVersionDate "1996.06.01"]
[SourceQuality "1"]

1. e4 d5 2. exd5 Qxd5 3. d4 Nc6 4. Nf3 Bg4 5. Be2 O-O-O 6. c4 Qf5 7. Be3 Nf6 8.
Nbd2 (8. O-O e5 9. d5 e4 10. Nd4 Nxd4 11. Bxd4 Bd6 12. Nc3 (12. Bxf6 Bxe2 13.
Qxe2 gxf6 14. Nc3 Rde8 15. Rae1 Qe5 16. g3 f5 17. Qh5 Qf6 18. Kh1 Rhg8 19. f4
Rg6 20. Na4 Bb4 21. Re3 Bd2 22. Rb3 e3 23. Nc3 Bxc3 24. Rxc3 e2 {0-1 Brychta,
I-Oral,T/CZE-chT 9394 (02)/1994/ (28)}) 12... Bxe2 13. Qxe2 Ng4 14. h3 Nh2 15.
Qxe4 Qxe4 16. Nxe4 Nxf1 17. Bxg7 Rhe8 18. Nxd6+ Rxd6 19. Kxf1 c6 20. dxc6 Rxc6
21. b3 {Arkhipov,S-Vlassov,N/Moscow2 (11)/1994/1-0 (76)}) 8... e5 9. d5 Nb4 (
9... e4 10. dxc6 exf3 11. gxf3 (11. cxb7+ Kxb7 12. Qb3+ Ka8 13. gxf3) 11... Bh5
12. Bxa7 $16) 10. Rc1 $1 (10. O-O Nc2 11. Nh4 Nxe3 12. Nxf5 Nxd1 13. Bxg4 Nxf2
$17) 10... Nxa2 (10... Bxf3 $6 11. Nxf3 Nxa2 12. Ra1 Nb4 13. O-O $16) 11. Ra1
Nb4 12. O-O {The castling on opposite sides favours white, because he can get
quickly quite close to the black king.} a6 (12... Nc2 13. Rxa7 Nxe3 14. Qb3 $1
$16) 13. h3 Bxf3 (13... Bh5 14. Qb3 $44) 14. Nxf3 (14. Bxf3 Nc2 15. Be4 Nxe4
16. Qxc2 Nd6 $13) 14... Bd6 15. Ra4 c5 $2 (15... Qc2 $6 16. c5 Bxc5 17. Qxc2
Nxc2 18. Bxc5 Rxd5 19. Rc4 $18) (15... e4 $1 16. Nd4 Qe5 17. g3 $13) 16. Rxb4
$1 (16. dxc6 Nxc6 17. Qb3 Bc7 $13) 16... cxb4 17. c5 Bb8 (17... Bf8 18. d6 e4
19. Ng5 $16) 18. d6 Ba7 (18... e4 19. Ng5 Qg6 20. Qb3 Rd7 21. Bc4 Rf8 22. Qxb4
h6 23. c6 $1 $18) (18... Rd7 19. Qb3 Rhd8 20. Ng5 $40) 19. Qb3 e4 (19... h6 20.
c6 $1 Bxe3 21. Qxf7 $18) 20. Ng5 Kb8 21. Nxf7 Bxc5 (21... Nd5 22. Nxh8 Nxe3 (
22... Rxh8 23. c6 Nxe3 (23... bxc6 24. Bxa7+ Kxa7 25. Qc4 $18) 24. Qxb4 Qc8 25.
c7+ Ka8 26. fxe3 $18) 23. fxe3 Qxc5 24. Nf7 $18) 22. g4 $1 Qc8 (22... Qd5 23.
Qxd5 Nxd5 24. Bxc5 $18) 23. Rc1 b6 24. Nxh8 Rxh8 25. Qa4 (25. Bxc5 bxc5 26. Ra1
$18) 25... Qd7 (25... Rd8 26. Bxa6 Qd7 27. Bb5 Qa7 (27... Qxd6 28. Ra1 $18) 28.
Qxa7+ Kxa7 29. Bc6 Rxd6 30. Ra1+ Kb8 31. Bf4 $18) 26. Qxa6 Bxe3 $6 (26... Qb7
27. Qxb7+ Kxb7 28. Bxc5 bxc5 29. Rxc5 Rd8 30. Rb5+ Kc6 31. Rxb4 $16) (26...
Qxd6 $2 27. Bxc5) 27. Rc7 $1 Bxf2+ 28. Kxf2 e3+ 29. Kg2 1-0

[Event "RUS-ch Higher League 60th"]
[Site "Krasnoyarsk"]
[Date "2007.09.03"]
[Round "1"]
[White "Timofeev, Artyom"]
[Black "Ovetchkin, Roman"]
[Result "1-0"]
[WhiteElo "2650"]
[BlackElo "2557"]
[Annotator "Ftacnik,L"]
[PlyCount "63"]
[EventDate "2007.09.03"]
[EventType "swiss"]
[EventRounds "11"]
[EventCountry "RUS"]
[SourceTitle "CBM 120"]
[Source "ChessBase"]
[SourceDate "2007.10.02"]
[SourceVersion "1"]
[SourceVersionDate "2007.10.02"]
[SourceQuality "1"]

1. e4 d5 2. exd5 Qxd5 3. Nf3 Bg4 4. Be2 Nc6 5. d4 O-O-O 6. c4 Qf5 7. Be3 Bxf3
8. Bxf3 Nxd4 9. Bg4 {Ovetchkin plays a very risky variation in which he wins
the pawn, but flirts with trouble for his king castled on the long side. It is
an open question which line is more dangerous for the second player, pinning
the queen or taking the knight on d4.} Nc2+ 10. Qxc2 Qxg4 11. O-O a6 {Black
doesn't want to face the situation, in which the exposed pawn on a7 will
disappear.} 12. b4 (12. c5 Qg6 13. Qc4 e5 14. b4 Ne7 15. Nc3 Qe6 16. Qe2 Nf5
17. Rfc1 Be7 18. c6 Qxc6 19. b5 Qe6 20. bxa6 Qxa6 21. Nb5 Bd6 22. Rc6 Qa5 23.
Bb6 Qa6 24. Rac1 Kd7 25. Rxc7+ {1-0 Dominguez,L (2479)-Matamoros Franco,C 
(2458)/Santa Clara 1999 (28)}) 12... e6 13. b5 axb5 14. cxb5 Bd6 15. Nd2 $6 {
The level of risk becomes very high for White since the sacrifice of two pawns
forces him to look for great compensation in his queenside attack.} (15. h3 Qb4
(15... Qf5 16. Qa4 Qe5 17. g3 Qxa1 18. Bd4 $18) 16. b6 Ne7 (16... Be5 17. Nd2
Qc3 18. Qa4 Qc6 19. Qa3 Bxa1 20. Rxa1 Qd6 21. Qa8+ Kd7 22. Qxb7 Qc6 23. Qxc6+
Kxc6 24. Rc1+ Kb5 25. bxc7 $18) 17. Nd2 Nd5 18. bxc7 Rd7 19. a3 Qb5 20. Nc4
Bxc7 21. Rab1 $44) 15... Qh5 16. h3 Qxb5 17. Rab1 Qc6 18. Qb3 $2 {Timofeev
refrains from immediate jump with his knight, but slow build up of the attack
might be insufficient.} (18. Nc4 $1 Ne7 (18... Nf6 19. Rfc1 Ne8 (19... Qa6 20.
Rb5 $1 $16) 20. Qe2 Qa6 $13) 19. Rfc1 Nd5 (19... f6 20. Nb6+ cxb6 $1 21. Qb3
Bc5 22. Bxc5 bxc5 23. Rxc5 Rd1+ 24. Qxd1 Qxc5 25. Rc1 Qxc1 26. Qxc1+ Nc6 27.
Qc2 $16) 20. Qb2 Qa6 21. Nxd6+ Rxd6 (21... Qxd6 22. Qxb7+ Kd7 23. Bc5 Qf4 24.
Qb5+ c6 25. Qb2 $40) 22. Qxg7 Rhd8 23. Qxf7 R6d7 24. Qf3 Qa4 $13) (18. Qxc6
bxc6 19. a4 Kd7 $17) 18... Ne7 19. Rfc1 Qa6 $1 (19... Qd5 $2 20. Nc4 Kb8 21.
Rd1 Qe4 22. f3 Qc6 23. Na5 $18) 20. Rc4 b5 (20... Nf5 $5 21. Bb6 (21. Ra4 Qc6
22. Ne4 b5 23. Nxd6+ (23. Qxb5 Qxb5 24. Rxb5 Kd7 $15) 23... Rxd6 24. Ra5 Rhd8
25. Rxb5 Rd1+ 26. Rxd1 Rxd1+ 27. Qxd1 Qxb5 $17) 21... Kd7 (21... Kb8 22. Ra4
Qxb6 23. Qf3 Qxb1+ 24. Nxb1 Be5 $15) 22. g4 Ne7 23. Bd4 b5 24. Rc2 Nd5 25. Ne4
f6 $17) 21. Rg4 Rhg8 (21... Nf5 $1 22. Qxb5 Qxb5 23. Rxb5 Kd7 $17) 22. a4 b4 (
22... Nd5 23. axb5 Qa3 24. Qxa3 Bxa3 25. Ra4 Bd6 26. Nc4 Nxe3 27. fxe3 Bc5 28.
Kf2 (28. b6 cxb6 29. Nxb6+ Bxb6 30. Rxb6 Rd1+ 31. Kf2 Rgd8 $17) 28... Rge8 29.
Ke2 $15) 23. Rc4 Nc6 (23... Nd5 24. Ne4 Be7 25. Bc5 Kd7 26. Qc2 Bd6 $15) 24.
Rcc1 Na5 (24... g5 25. Qc2 Ne5 26. Rxb4 Qd3 $15) 25. Qc2 f5 $2 {[%mdl 256]
Black was drifting with his pieces and indirectly improving the chances of his
opponent, but advance of the f pawn is a real mistake.} (25... Rd7 26. Qxh7 (
26. Ne4 Be7 27. Nc5 Bxc5 28. Bxc5 b3 29. Qxh7 Rgd8 30. Qxg7 $13) 26... Rgd8 27.
Ne4 (27. Qxg7 Qd3 28. Nf3 $13) 27... Bf8 28. Bc5 $13) 26. Rxb4 Kd7 27. Rb5 $1
g6 $2 {The defender spotted the dangerous motif with the rook sacrifice on f5,
but his reaction is too meek. The whole complex of dark squares becomes
indefensible.} (27... Rb8 28. Rxf5 $1 exf5 29. Qxf5+ Ke8 30. Re1 Nc6 31. Bg5+
Ne7 32. Qe6 Bh2+ 33. Kxh2 Qxe6 34. Rxe6 $18) (27... h6 28. Qc3 $1 Nc6 (28...
Ra8 29. Bc5 Ke7 30. Bb4 Bxb4 31. Qxb4+ Kd7 32. Nf3 $18) 29. Nc4 Ke8 30. Nxd6+
Rxd6 31. Qc4 Kd7 (31... Nd8 32. Qxc7 $16) 32. Bf4 Rc8 (32... Rd4 33. Qxd4+ Nxd4
34. Rxc7+ Kd8 35. Rb8+ $18) 33. Re1 Nd4 34. Bxd6 Qxd6 35. Rc5 $16) 28. Nf3 (28.
Bg5 Rb8 29. Rxa5 $1 Qxa5 30. Qc6+ Kc8 31. Nc4 $18) 28... Nc6 (28... Ra8 29.
Ne5+ Bxe5 (29... Ke8 30. Qb2 $18) 30. Rxe5 Rgc8 31. Rc5 Ke8 32. Qb2 $18) (28...
Ke8 29. Qc3 Ra8 30. Ng5 $18) 29. Rb6 $1 {Nice tactical blow after which the
black position is falling apart.} cxb6 30. Qxc6+ Ke7 31. Bg5+ Kf7 32. Rd1 (32.
Qc3 Rgf8 33. Bxd8 Rxd8 34. Ng5+ $18) (32. Rd1 Bh2+ (32... Be7 33. Ne5+ Kg7 34.
Rxd8 Bxd8 35. Qd7+ $18) 33. Kxh2 Rxd1 34. Qc7+ $18) 1-0

[Event "Asia-chT fin 10th"]
[Site "Kuala Lumpur"]
[Date "1993.06.??"]
[Round "5"]
[White "Torre, Eugenio"]
[Black "Hsu, Li Yang"]
[Result "1-0"]
[WhiteElo "2540"]
[BlackElo "2370"]
[Annotator "Glatman,V"]
[PlyCount "85"]
[EventDate "1993.06.??"]
[EventType "team"]
[EventRounds "9"]
[EventCountry "MAS"]
[SourceTitle "EXT 1998"]
[Source "ChessBase"]
[SourceDate "1997.11.17"]
[SourceVersion "1"]
[SourceVersionDate "1997.11.17"]
[SourceQuality "1"]
[WhiteTeam "Philippines"]
[BlackTeam "Singapore"]
[WhiteTeamCountry "PHI"]
[BlackTeamCountry "SIN"]

1. e4 d5 2. exd5 Nf6 3. d4 Nxd5 4. c4 Nb6 5. Nc3 $5 e5 (5... g6 6. c5 $1 Nd5 (
6... N6d7 7. Bc4 Bg7 8. Nf3 {/\h4/}) 7. Bc4 Nxc3 8. bxc3 Bg7 9. Nf3 O-O (9...
c6) 10. O-O Nc6 (10... c6 11. Re1 Nd7 12. Bg5 Nf6 13. Ne5 $16) 11. Re1 h6 12.
Ba3 $1 e6 13. Rb1 $16 {Tiviakov,S-Hmelnicky,I SSSR 1987 Inf 43/137/}) 6. dxe5
$5 (6. Nf3 exd4 7. Nxd4 Be7 8. Be2 O-O 9. O-O Bd7 10. Be3 Na6 11. Qc2 Nb4 12.
Qb1 Bg5 $15 {Zaitsev,I-Maljutin,E Minsk 1993/}) (6. d5 c6 (6... Bb4 7. Qb3 $14)
7. Nf3 Bb4 8. Be3 $1 cxd5 9. c5 $1 d4 10. Nxe5 $1 dxc3 11. Qxd8+ Kxd8 12.
O-O-O+ Ke7 13. cxb6 axb6 14. Bc4 $16 {Bielcznik,J-Slabek,G Katowice 1992/}) (6.
Qe2 Be7 $5 (6... Qxd4 $13) 7. dxe5 Nc6 8. Be3 Be6 9. Rd1 Qc8 10. c5 Nd7 11. f4
O-O 12. Nd5 Bxd5 13. Rxd5 Nb4 14. Rd1 c6 $13 {Tiviakov,S-Maljutin,E SSSR 1991/}
) 6... Qxd1+ 7. Nxd1 Nc6 8. f4 Be6 9. b3 O-O-O 10. Ne3 Nb4 $6 (10... Nd4 $5 11.
Ne2 Bb4+ 12. Kf2 Bc5 $44) 11. a3 Nd3+ 12. Bxd3 Rxd3 13. f5 Bd7 14. b4 $16 Rxe3+
(14... c5 15. Ke2 Rxe3+ 16. Bxe3 Nxc4 17. Bf4 Bxf5 18. Nf3 $16) 15. Bxe3 Nxc4
16. Bd4 $8 Nxa3 $5 (16... Bxf5 17. Nf3 Be7 18. O-O $16) 17. Rxa3 Bxb4+ 18. Rc3
Bxf5 19. Nf3 $5 c5 $6 (19... Rd8 $5 20. O-O Bxc3 21. Bxc3 Rd3 $16) 20. O-O $1
Bxc3 21. Bxc3 Bd3 (21... h6 $5) 22. Ra1 a6 23. Ng5 $18 f6 (23... Bg6 24. Ra5
$18) 24. exf6 gxf6 25. Re1 Rg8 26. Ne6 (26. Bxf6 $18) 26... b6 27. Nf4 Bc4 28.
Re7 b5 29. Rxh7 b4 (29... f5 30. Be5 $18) 30. Bxf6 Rf8 31. Be5 b3 32. g3 Bf7
33. Rh6 Re8 34. Rh8 Bg8 35. Bb2 Kb7 36. Kf2 c4 37. h4 $1 Rc8 38. Ne2 $1 a5 39.
h5 a4 40. h6 a3 41. Bxa3 c3 42. h7 b2 43. Nxc3 $18 1-0

[Event "Boeblingen op 17th"]
[Site "Boeblingen"]
[Date "2000.12.29"]
[Round "6"]
[White "Glek, Igor Vladimirovich"]
[Black "Kekelidze, Mikheil"]
[Result "1/2-1/2"]
[WhiteElo "2553"]
[BlackElo "2512"]
[Annotator "Glek,I"]
[PlyCount "77"]
[EventDate "2000.12.27"]
[EventType "swiss"]
[EventRounds "9"]
[EventCountry "GER"]
[SourceTitle "CBM 080"]
[Source "ChessBase"]
[SourceDate "2001.01.25"]
[SourceVersion "1"]
[SourceVersionDate "2001.01.25"]
[SourceQuality "1"]

1. e4 d5 2. exd5 Qxd5 3. Nc3 Qd6 4. d4 Nf6 5. Nf3 a6 6. g3 $1 Bg4 (6... Nc6 7.
Bf4) 7. h3 Bxf3 8. Qxf3 c6 (8... Nc6 9. Be3 $16 {/\0-0-0} (9. Bg2 $16)) 9. Be3
Nbd7 (9... e6 10. O-O-O Be7 11. g4 $40) 10. O-O-O e6 11. Bf4 Qb4 12. a3 Qa5 13.
Bc4 Be7 14. d5 cxd5 (14... exd5 15. Bxd5 (15. Rhe1 dxc4 16. Bd6 O-O 17. Rxe7
Rfe8 18. Bb4) 15... O-O 16. Ba2 $14) 15. Bxd5 O-O (15... Nxd5 16. Nxd5 exd5 17.
Rxd5 Qa4 18. Re1 (18. Qe2 Nf8) 18... Rc8 (18... Nf8 19. Rxe7+ Kxe7 20. Bd6+ Ke8
21. Re5+ Ne6 22. Qxb7 $18) 19. Rd2 (19. Qd3 Nf8 20. Bd6 Ne6 21. b3 Qc6 22. f4
Rd8) (19. b3 Qc6 (19... Qxa3+ 20. Kb1 Qb4 21. Re4 Rc3 22. Rxb4 Rxf3 23. Rxb7
$16) 20. Qd3 Nf8) 19... Rc6 (19... Kf8 20. Qxb7) (19... Qc6 20. Qe2 $1 (20. Qg4
Nf6 21. Qxg7 Rg8 22. Rxe7+ (22. Qh6 Rg6 23. Qh4 Ne4) 22... Kxe7 23. Re2+ Kd8
24. Rd2+ Ke7 $11) (20. Qxc6 Rxc6 21. Bd6 Rxd6 22. Rxd6 h5 23. h4 (23. Rd2 Nc5
24. Rde2 Ne6 25. f4 g6)) 20... Qe6 21. Qd1 (21. Qf1 Qa2 22. Rde2 O-O 23. Rxe7
Rfd8 $40) 21... Qa2 22. Rxe7+) 20. Bd6 Rxd6 (20... O-O 21. Rxe7) 21. Rxd6 $18)
16. Bxb7 Rab8 17. Qc6 (17. Bxb8 $1 Rxb8 18. Qc6 Bxa3 (18... Nc5 19. Bc8) 19.
bxa3 Ne5 20. Qd6 $18) 17... Bxa3 18. bxa3 Qxa3+ 19. Kd2 e5 (19... Rfd8 $142 20.
Ke2 Rxb7 21. Qxb7 (21. Bc7 Re8 22. Ra1 Qc5) 21... Qxc3 22. Qb3 $14) 20. Be3
Rfd8 21. Ke2 Rxb7 22. Ra1 (22. Qxb7 $16) 22... Qb2 23. Ra2 Qb4 24. Rb1 Qxc3 25.
Qxc3 Rxb1 26. Rxa6 $18 h6 27. Rc6 Rbb8 28. Qc4 Nf8 29. Bxh6 Ne6 30. Be3 (30.
Rxe6 $5 fxe6 31. Qxe6+ Kh7 32. Bg5 (32. Qf5+ Kh8 (32... Kg8 33. Bg5) (32...
Kxh6 33. g4 $18) 33. Bg5 Rb6 $16) 32... Kg6 33. Bxf6 gxf6 34. g4 $18) 30... Nd5
31. Qe4 Rb5 32. Qxe5 Ndf4+ 33. gxf4 Rxe5 34. fxe5 Nd4+ 35. Bxd4 Rxd4 36. Ke3
$18 Rh4 37. c4 (37. Rc8+ Kh7 38. c4) 37... Rxh3+ 38. Ke4 Kf8 39. f4 $138 {...}
1/2-1/2

[Event "Tel Aviv Last Autumn"]
[Site "Tel Aviv"]
[Date "2002.11.04"]
[Round "3"]
[White "Gofshtein, Leonid D"]
[Black "Kudischewitsch, David"]
[Result "1-0"]
[WhiteElo "2519"]
[BlackElo "2384"]
[Annotator "Gofshtein,L"]
[PlyCount "79"]
[EventDate "2002.11.01"]
[EventType "tourn"]
[EventRounds "9"]
[EventCountry "ISR"]
[EventCategory "8"]
[SourceTitle "CBM 092"]
[Source "ChessBase"]
[SourceDate "2003.02.06"]
[SourceVersion "1"]
[SourceVersionDate "2003.02.06"]
[SourceQuality "1"]

1. e4 d5 2. exd5 Qxd5 3. Nc3 Qa5 4. d4 c6 5. Nf3 Bf5 $5 {This idea is quite
interesting to develop queenside pieces at first; The normal way is 5...Nf6;} (
5... Nf6 6. Bc4) 6. Ne5 {White has a large choice here, but most dangerous for
black are 6.Bd2 and 6.Bc4 e6 7.Bd2 as it was proved in some gm games;} (6. Bc4
e6 7. O-O (7. Bd2 $5 Bb4 (7... Nd7 8. d5 $5 (8. O-O Qc7 9. Qe2 Be7 10. Ne4 Ngf6
$11 {1/2-1/2 Sutovsky,E-Doettling,F/Tel Aviv 2001/CBM 81 ext (30)}) 8... cxd5
9. Nxd5 Qc5 10. Qe2 Bg4 11. Bb4 Qc8 12. Bc3 a6 13. O-O-O Ngf6 14. Rhe1 Bc5 15.
h3 Bxf3 16. Qxf3 $16 {1/2-1/2 Sadvakasov,D-Fridman,D/Liepaja 2001/CBM 85 (26)})
8. a3 Be7 9. Ne5 h5 10. Qe2 Qc7 11. O-O-O $16 {1/2-1/2 Vesselovsky,S-Votava,P/
Frydek Mistek 1995/EXT 99 (41)}) 7... Nd7 8. a3 Qc7 9. Re1 O-O-O 10. Qe2 Bg4
11. h3 Bxf3 12. Qxf3 Ngf6 13. Bf4 Bd6 14. Bxd6 Qxd6 $132 {1/2-1/2 Crespo,
R-Calvo Alfonso,V/Pref 1992/EXT 98 (19)}) (6. Bd2 $5 e6 7. Ne5 Qb6 8. Qe2 Nf6
9. O-O-O h5 10. Nc4 Qd8 11. Bg5 $36 {1-0 Bojkovic,N-Zhukova,N/Belgrade 2000/
CBM 75 ext (55)}) (6. Be2 e6 7. O-O Bd6 8. a3 h6 9. Be3 Nf6 10. h3 Nbd7 11. Qd2
Qc7 12. b4 b5 13. Na2 Nb6 14. Rfc1 Ne4 15. Qe1 Nd5 16. Bd2 O-O 17. c4 bxc4 18.
Rxc4 Nb6 19. Rcc1 Nxd2 20. Nxd2 Qd7 $15 {0-1 Hausmann,I-Dombrowski,M/Dresden
1993/TD (41)}) 6... Nd7 (6... e6 $5 7. g4 Bg6 8. h4 Bb4 9. Bd2 Bxc3 10. Bxc3
Qd5 11. f3 f6 12. Nxg6 hxg6 13. Bd3 Ne7 14. Qe2 Qd6 15. O-O-O Nd7 16. Kb1 O-O-O
17. Qh2 Qxh2 18. Rxh2 g5 {1/2-1/2 Kallio,H-Vetemaa,J/Helsinki 1996/EXT 99 (18)}
) 7. Qf3 g6 $6 {7...Be6 is a good alternative;} (7... Be6 $5) (7... e6 8. Nxd7
$5 (8. Nxf7 Kxf7 9. g4 Bb4 10. Bc4 Ne7 $132 {0-1 Marjanovic,S-Schweber,S/La
Valetta 1980/EXT 2000 (38)}) 8... Kxd7 9. g4 Bg6 10. Bd3) 8. Nc4 $5 (8. Nxf7
Kxf7 9. g4 e6 10. gxf5 Qxf5 $132) 8... Qd8 9. Bg5 (9. Bf4) 9... Ngf6 10. d5 $5
{White smartly opens the position up, trying to use his advantage in
development;} cxd5 11. Nxd5 Bg7 12. O-O-O O-O 13. Nxf6+ $6 {Belie vupyckaut
cvoe preimychestvo, v to vremia kak estestvennoe 13.Bf6 davalo bu pereves
belim.} (13. Bxf6 $5 exf6 14. Nd6 Be6 (14... Ne5 15. Qa3 $36) 15. Nxb7 Qb8 16.
Ba6 f5 17. Rhe1 $16) 13... exf6 14. Bf4 Qc8 $5 15. Qb3 (15. Rd2 $5) 15... Nc5
16. Qb5 {[#]} Bxc2 {[%mdl 512] This unecpected move leads to the mess; Logical
16...Ne6 was probably better choice;} (16... Ne6 $5 17. Be3 Be4 $132) 17. Kxc2
a6 $8 (17... Qf5+ 18. Bd3 Qxf4 19. Qxc5 Rac8 20. Qb4 $18) 18. Qa5 Qf5+ (18...
Ne6 19. Bd6) 19. Bd3 Qxf4 20. Qxc5 b5 $2 {[%mdl 8192] White gets winning
advantage after this horrible blunder of black; Anything would be clear after
20...Rc8;} (20... Rac8 $5 21. Qb6 Rxc4+ 22. Bxc4 Qxc4+ 23. Kb1 Qe4+ 24. Ka1
Qxg2) 21. Nb6 $1 Rad8 22. Nd5 Qg4 23. Kb1 (23. Ne3 Qf4 24. Kb1 Qxf2 25. Rhf1
Qh4) 23... Qxg2 24. Bc2 Kh8 25. h4 h5 26. Bb3 {[%cal Yb3d5] Just transferring
the bishop to more active place;} f5 27. Nc3 Rc8 (27... Bd4 28. Qa3 Kg7 29.
Qxa6 $18) 28. Qe3 b4 29. Nd5 Rfe8 30. Qd2 a5 31. Rhe1 {The trade of one pair
of rooks makes it easier for white to win the game;} Rxe1 32. Rxe1 $18 Qh3 33.
Nf4 Qxh4 34. Bxf7 {This important move wins the game at once;} Qf6 35. Nxg6+
Kh7 36. Ne5 Bh6 37. f4 Rd8 38. Qe3 Qh4 39. Bg6+ Kg8 40. Rg1 1-0